00809nam a2200241 a 450000100060000000300080000600500170001400800410003102000160007203500190008804000330010704100080014008200270014810000240017524502250019925000120042426000370043630000250047350000190049865000160051770000160053370000180054952166BD-RjUL20211209075749.0160906s1951 ii 001 0 eng  c: Rs. 22.80 a(BD-RjUL)52286 aDLCcFU-LdDLCdBD-RjULbeng aeng 223a340.0954bROS 1951 aRow, T. V. Sanjiva,10aSanjiva Row's Law of land acquisition and compensation :bbeing commentaries on the Land acquisition act and Land acquisition (mines) act as amended up to date with 48 other useful appendices. /cR L Anand and L S Sastri a3rd ed. aAllahabad :bLaw Book Co.,c1951 axl, 711 p. ;c25 cm. aincludes index 0aLawzIndia. aAnand, R L  aSastri, L S